000 00942nam a2200265Ia 4500
003 OSt
005 20221005104659.0
006 a|||||r|||| 00| 0
007 ta
008 221004b |||||||| |||| 00| 0 san d
020 _a9789380651897 (hbk)
_c150
024 _a23441
037 _b201, 18/11/2015, Vidyanidhi Prakashan
_cTextual
040 _aCRL
_cCRL
_bsan
041 _2san
_asan
082 _aO15,1N88,VA, 152Q4
100 _aयुवराजभट्टराई
245 0 _aवाग्विलासिनी
246 _aVāgvilāsinī
260 _aदिल्ली
_bविद्यानिधि प्रकाशन भारत
_c2014
300 _a122पृ0
_ccm.
650 _aसंस्कृत साहित्य
942 _hO15,1N88,VA, 152Q4
_cTEXL
_2cc
999 _c1013478
_d1013478